000 00480nam a22002057a 4500
003 CEME
005 20210814140728.0
008 210114b xxu||||| |||| 00| 0 eng d
020 _a9693515870
038 _aasad
040 _cceme
082 _a370 ASH
100 _aAshfaq Ahmed
_9651
245 _aZaviya 1
260 _aLAHORE
_bSANG-E-MEEL PUB
_c2010
300 _a320P
563 _aHB
650 _aISLAM-SPIRITUALISM.URDU ADAB-ZAVIYA-1.
_968280
942 _cBK
_2ddc
999 _c575886
_d575886